Statistiques concernant Sous les jupes des filles - Alain Souchon (paroles)

Cliquez ici pour prendre le quiz!

Statistiques générales

  • Ce quiz a été pris 19 fois
  • Le résultat moyen est 183 sur 244

Statistiques - réponses

Réponse% Correct
brillent
100%
de
100%
des
100%
dupes
100%
en
100%
filles
100%
garçons
100%
jeu
100%
jupes
100%
la
100%
La
100%
le
100%
Les
100%
les
100%
On
100%
ont
100%
Pour
100%
qui
100%
sous
100%
un
100%
voir
100%
Voir
100%
yeux
100%
A
94%
et
94%
Et
94%
tout
94%
elles
88%
Elles
88%
ce
82%
leurs
82%
par
82%
Par
82%
pupilles
82%
que
82%
Que
82%
Rétines
82%
se
82%
Se
82%
vie
82%
entière
76%
Sur
76%
sur
76%
affaire
71%
C'est
71%
cette
71%
homme
71%
légères
71%
ne
71%
pas
71%
quoi
71%
robes
71%
son
71%
chose
65%
dans
65%
fières
65%
l'air
65%
mon
65%
ou
65%
Regard
65%
savent
65%
Toutes
65%
très
65%
Tu
65%
ça
59%
cou
59%
escabeaux
59%
faire
59%
qu'elles
59%
seule
59%
Si
59%
terre
59%
tourne
59%
avec
53%
bien
53%
fait
53%
fils
53%
seras
53%
vert
53%
beaucoup
47%
comprenant
47%
faiblesse
47%
hommes
47%
Implorant
47%
tordre
47%
vent
47%
Absorbée
41%
l'infortune
41%
nos
41%
rage
41%
résument
41%
rouge
41%
vies
41%
beauté
35%
guerres
35%
guiboles
35%
laissant
35%
l'orgueil
35%
méprisant
35%
Qu'on
35%
regarde
35%
Alors
29%
blanc
29%
bleu
29%
chansons
29%
d'été
29%
faut
29%
grave
29%
khmers
29%
palombes
29%
pencher
29%
rêves
29%
rouges
29%
s'affolent
29%
suave
29%
Verres
29%
veulent
29%
bouge
24%
chevreuil
24%
deuils
24%
Fanfare
24%
gêne
24%
L'honneur
24%
milices
24%
moindre
24%
mort
24%
tombe
24%
parfois
18%
bières
12%

Distribution des résultats

Percentile par nombre de réponses

% des personnes avec chaque résultat

Votre développement - résultats

Vous n’avez pas pris ce quiz